书目信息 |
| 题名: |
死证
|
|
| 作者: | 王楚华 著 | |
| 分册: | ||
| 出版信息: | 哈尔滨 北方文艺出版社 1997.08 |
|
| 页数: | 366页 | |
| 开本: | 32开 | |
| 丛书名: | ||
| 单 册: | ||
| 中图分类: | I247.5 | |
| 科图分类: | ||
| 主题词: | 小说--中国 | |
| 电子资源: | ||
| ISBN: | 7-5317-1014-5 | |
| 000 | 00517nam0 2200193 45 | |
| 001 | 0011201987 | |
| 005 | 20001120192847.6 | |
| 010 | @a7-5317-1014-5@d17.00元 | |
| 100 | @a20001120d1997 km y0chiy0120 ea | |
| 101 | 0 | @achi |
| 105 | @a z 000yy | |
| 200 | 1 | @a死证@ASi Zheng@f王楚华著@FWang Chu Hua Zhu |
| 210 | @a哈尔滨@c北方文艺出版社@d1997.08 | |
| 215 | @a366页@d32开 | |
| 606 | 0 | @a小说@x中国 |
| 690 | @aI247.5@v3 | |
| 701 | 0 | @a王楚华@4著 |
| 801 | @aCN@bPftUser@c20001120 | |
| 905 | @b415504-508@dI247.5@eW315@f5 | |
| 死证/王楚华著.-哈尔滨:北方文艺出版社,1997.08 |
| 366页;32开 |
| ISBN 7-5317-1014-5:17.00元 |
| ● |
| 相关链接 |
|
|
|
正题名:死证
索取号:I247.5/W315
 
预约/预借
| 序号 | 登录号 | 条形码 | 馆藏地/架位号 | 状态 | 备注 |
| 1 | 415504 | 204155047 | 文学库108/ [索取号:I247.5/W315] | 在馆 | |
| 2 | 415505 | 204155056 | 社科二线422/422社科库 8排2列5层/ [索取号:I247.5/W315] | 在馆 | |
| 3 | 415506 | 204155065 | 文学库108/ [索取号:I247.5/W315] | 在馆 | |
| 4 | 415507 | 204155074 | 社科二线422/422社科库 8排2列5层/ [索取号:I247.5/W315] | 在馆 | |
| 5 | 415508 | 204155083 | 社科二线422/422社科库 8排2列5层/ [索取号:I247.5/W315] | 在馆 |